[Event "Hoogeveen"]
[Site "Essent 6"]
[Date "2002.10.14"]
[Round "2"]
[White "Acs, Peter"]
[Black "Van Wely, Loek"]
[Result "1-0"]
[WhiteElo "2591"]
[BlackElo "2681"]
[Annotator "JvR"]
[PlyCount "75"]
[EventDate "2002.10.13"]
[SourceDate "1998.01.31"]

1. e4 c5 2. Nf3 d6 3. d4 cxd4 4. Nxd4 Nf6 5. Nc3 a6 6. Be3 e6 7. f3 b5 8. Qd2
Nbd7 9. g4 h6 10. O-O-O Bb7 11. h4 b4 12. Na4 Qa5 13. b3 Nc5 14. a3 Rc8 15.
axb4 Nxb3+ 16. Nxb3 Qxa4 17. Kb2 d5 18. c3 dxe4 19. Na5 $5 ({The alternative is
} 19. Ra1) 19... Bd5 $1 20. Ra1 Qd7 21. Bxa6 exf3 $1 {
If Black moves his queen's rook, White gets the time to strike.} 22. Bxc8 Qxc8
23. g5 $1 Ne4 24. Qc2 Bd6 25. Bd4 $1 e5 $6 {He weakens his pawn structure.} ({
Better is} 25... O-O $1 26. gxh6 Qb8 {(he threatens ..Rc8)} 27. Rhg1 g6) 26.
Be3 hxg5 $6 (26... f5 27. c4 Be6 {offers more resistance.}) 27. hxg5 Rxh1 28.
Rxh1 Qg4 $2 (28... Ke7 $1 29. Rd1 Ba8 30. Qd3 Ke6 {defends actively.}) 29. c4
$1 Be6 30. Rh8+ Bf8 31. Qd3 Bd7 32. Nb7 f2 33. Nc5 $1 f1=Q 34. Qxf1 Bf5 35. Qd3
f6 36. Nxe4 Bxe4 $5 37. Qd6 Qe2+ 38. Bd2 {Acs has a mate attack.} 1-0

[Event "Hoogeveen"]
[Site "Essent 6"]
[Date "2002.10.14"]
[Round "2"]
[White "Khalifman, Alexander"]
[Black "Polgar, Judit"]
[Result "1/2-1/2"]
[WhiteElo "2690"]
[BlackElo "2685"]
[Annotator "JvR"]
[PlyCount "43"]
[EventDate "2002.10.13"]
[SourceDate "1998.01.31"]

1. d4 Nf6 2. c4 e6 3. Nf3 b6 4. g3 Ba6 5. Nbd2 d5 6. Bg2 Be7 7. O-O O-O 8. cxd5
exd5 9. Ne5 Bb7 10. b3 c5 11. Bb2 Nbd7 12. Nxd7 Qxd7 13. dxc5 bxc5 14. e4 d4 $5
(14... Rad8 {drew in Kramnik - Anand, Frankfurt 1999.}) 15. Re1 {
White overprotects a centre pawn.} a5 16. a4 Qe6 17. Rc1 Ng4 $1 18. Ba3 Ne5 $1
{Black threatens ..Nd3.} 19. Bf1 Rfc8 20. f4 Nd7 21. Nc4 Rcb8 22. Bg2 {
Both sides have a solid position.} 1/2-1/2

[Event "Hoogeveen"]
[Site "Essent 6"]
[Date "2002.10.15"]
[Round "3"]
[White "Polgar, Judit"]
[Black "Acs, Peter"]
[Result "1-0"]
[WhiteElo "2685"]
[BlackElo "2591"]
[Annotator "JvR"]
[PlyCount "79"]
[EventDate "2002.10.13"]
[SourceDate "1998.01.31"]

1. e4 e5 2. Nf3 Nc6 3. Bb5 a6 4. Ba4 Nf6 5. O-O Be7 6. Re1 b5 7. Bb3 d6 8. c3
O-O 9. h3 Na5 10. Bc2 c5 11. d4 Qc7 12. Nbd2 cxd4 13. cxd4 Bd7 14. Nf1 Rac8 15.
Ne3 Nc6 16. Bb3 Na5 17. Nd5 Nxd5 18. Bxd5 Nc4 19. Bg5 Bxg5 $5 ({Usual is} 19...
Qd8) 20. Nxg5 h6 $5 {Acs provokes the next tactics.} 21. Nxf7 $1 Rxf7 22. Rc1
$1 Qb8 $2 ({Correct is} 22... Bc6 $1 23. Bxf7+ Qxf7 24. b3 Nb6 {
and White has little advantage (Polgar).}) 23. b3 Nb6 24. Rxc8+ Bxc8 25. Bxf7+
Kxf7 26. dxe5 Ke7 $5 ({Or} 26... dxe5 $6 27. Qd8 $1) 27. exd6+ Qxd6 28. Qc2 Bb7
29. Rd1 Qc6 30. Qd2 Nd7 31. Rc1 Qf6 32. a4 Bc6 33. Qa5 bxa4 34. bxa4 Ne5 35.
Qc7+ Bd7 36. Rd1 Qe6 37. Qc5+ Ke8 38. Rd6 Qe7 39. Qc7 a5 40. Ra6 $1 {
Judit strangles her opponent.} 1-0

[Event "Hoogeveen"]
[Site "Essent 6"]
[Date "2002.10.17"]
[Round "4"]
[White "Khalifman, Alexander"]
[Black "Acs, Peter"]
[Result "0-1"]
[WhiteElo "2690"]
[BlackElo "2591"]
[Annotator "JvR"]
[PlyCount "70"]
[EventDate "2002.10.13"]
[SourceDate "1998.01.31"]

1. d4 Nf6 2. c4 e6 3. Nf3 d5 4. Nc3 c6 5. Bg5 h6 6. Bh4 dxc4 7. e4 g5 8. Bg3 b5
9. Be2 Bb7 10. h4 g4 11. Ne5 Rg8 12. Nxg4 Nxg4 13. Bxg4 Nd7 14. O-O Nf6 15. Be2
Qb6 16. a4 Bb4 $5 ({Known is} 16... O-O-O) 17. Be5 Nd7 18. Bf4 Rd8 19. Be3 $6 (
{The alternative is} 19. Bxh6 $5 Be7 20. axb5 cxb5 21. Be3) 19... c5 20. axb5
$5 Nf6 $1 21. dxc5 $5 Bxc5 22. Bxc5 Qxc5 23. Qc2 Rd4 $1 24. Bf3 Rd3 {
He threatens ..Rxf3.} 25. Qe2 Rg3 $1 {Now the threat is ..Rdxf3.} 26. Na4 $2 (
26. Kh1 $1 Rgxf3 $1 27. gxf3 Qh5 28. Kg2 Qg6+ 29. Kh2 Qh5 30. Kg2 {
leads to a repetition of moves (Acs and Hazai).}) 26... Qd4 27. Rfd1 (27. Kh1
Rgxf3 28. gxf3 Rxf3 {wins for Black.}) 27... Bxe4 $1 28. Bxe4 Nxe4 29. Nc3 Nd2
$1 30. b6 Rxg2+ $1 31. Kxg2 Qg7+ 32. Kh2 Nf3+ 33. Qxf3 Rxf3 34. Rg1 Rxf2+ 35.
Kh1 Qd4 {Acs carried out a wonderful attack.} 0-1

[Event "Hoogeveen"]
[Site "Essent 6"]
[Date "2002.10.18"]
[Round "5"]
[White "Acs, Peter"]
[Black "Polgar, Judit"]
[Result "1-0"]
[WhiteElo "2591"]
[BlackElo "2685"]
[Annotator "JvR"]
[PlyCount "117"]
[EventDate "2002.10.13"]
[SourceDate "1998.01.31"]

1. e4 c5 2. Nf3 e6 3. d4 cxd4 4. Nxd4 Nc6 5. Nb5 d6 6. c4 Nf6 7. N1c3 a6 8. Na3
b6 9. Be2 Bb7 10. O-O Ne5 11. Be3 Be7 12. f3 O-O 13. Qe1 Rc8 14. Qf2 Ned7 15.
Rfd1 Qc7 16. Rac1 Rfe8 17. Kh1 Qb8 18. Bf1 Bd8 19. Bf4 $5 Ne5 20. Bxe5 $5 dxe5
21. Nc2 Nh5 22. b4 Qc7 23. Qd2 $5 Be7 $1 24. a3 h6 25. Rb1 f5 $2 ({
Preferable is} 25... Rcd8 26. Qf2 Nf6) 26. exf5 exf5 27. Nd5 $1 {
White conquers the centre.} Qd6 $5 28. Nce3 $5 Qe6 $2 (28... Bg5 29. Qc2 Bxd5
30. Nxd5 e4 {counters.}) 29. Nxe7+ $1 Rxe7 30. Qd6 {
White controls the position.} g6 31. c5 $1 b5 32. a4 $1 Bc6 33. axb5 axb5 34.
Nd5 Bxd5 35. Qxd5 Rb8 36. c6 Nf4 37. Qc5 Rc7 38. Rd6 Qe8 39. Bxb5 e4 40. Bc4+
Kh7 41. Rbd1 Nd3 42. Bxd3 exd3 43. b5 Qe7 44. Rd5 d2 45. Qxe7+ Rxe7 46. R5xd2
Rxb5 47. Rd7 Rg7 48. Rxg7+ Kxg7 49. Rc1 Rb8 50. c7 Rc8 51. Kg1 Kf6 52. Kf2 Ke5
53. Ke3 f4+ 54. Kd3 Kd5 55. h4 g5 56. hxg5 hxg5 57. Rc2 Ke5 58. Rc5+ Kd6 59.
Kd4 {Acs had scored three wins and two losses. He took the lead.} 1-0

[Event "Hoogeveen"]
[Site "Essent 6"]
[Date "2002.10.19"]
[Round "6"]
[White "Van Wely, Loek"]
[Black "Acs, Peter"]
[Result "0-1"]
[WhiteElo "2681"]
[BlackElo "2591"]
[Annotator "JvR"]
[PlyCount "36"]
[EventDate "2002.10.13"]
[SourceDate "1998.01.31"]

{The decisive game of the tournament starts. If Van Wely wins, all players
will score 3 points.} 1. d4 Nf6 2. c4 e6 3. Nc3 Bb4 4. e3 O-O 5. Bd3 d5 6. cxd5
exd5 7. Nge2 Re8 8. O-O Bd6 9. a3 Ng4 10. h3 $2 {Van Wely makes a risky choice.
} ({Known is} 10. Nf4) 10... Nh2 $1 11. Re1 Nf3+ $1 {
Black draws at least by a piece sacrifice.} 12. gxf3 Qg5+ 13. Kh1 Qh4 $1 {
Black can play for a victory.} 14. Nf4 $5 (14. Kg1 Bxh3 $1 15. f4 Bg4 $1 16.
Qb3 Bf3 17. Ng3 Bxf4 $1 18. Nce2 Bd6 $1 19. Bd2 Nd7 {
wins for Black (Acs and Hazai).}) 14... Bxh3 15. Ncxd5 ({Or} 15. Ng2 Qxf2 16.
Rg1 Re6 $1) 15... Re6 $1 {Acs triumphs in a very elegant way.} 16. Nxe6 Bf5+ $1
17. Kg1 Qh2+ 18. Kf1 Bg3 $1 {
The final standings became: Acs 4/6, Polgar and Khalifman 3, Van Wely 2.} ({
The pointe is} 18... Bg3 19. fxg3 Bh3#) 0-1

[Event "Hoogeveen"]
[Site "Essent 7"]
[Date "2003.10.12"]
[Round "1"]
[White "Polgar, Judit"]
[Black "Karpov, Anatoly"]
[Result "1-0"]
[WhiteElo "2722"]
[BlackElo "2693"]
[Annotator "JvR"]
[PlyCount "51"]
[EventDate "2003.10.12"]
[SourceDate "1998.01.31"]

{The seventh Essent tournament was played in Hoogeveen from 12 until 18 x 2003.
Participants were Karpov the former world champion, Polgar the best woman,
Sokolov the strongest Dutchman and Aronian the junior.} 1. e4 e5 2. Nf3 Nf6 3.
Nxe5 d6 4. Nf3 Nxe4 5. d4 d5 6. Bd3 Be7 7. O-O Nc6 8. c4 Nb4 9. Be2 O-O 10. a3
Nc6 11. cxd5 Qxd5 12. Nc3 Nxc3 13. bxc3 Qd6 $5 ({Theory is} 13... Bf5) 14. Rb1
b6 15. Re1 Be6 16. Bd3 Rae8 17. Rb5 $1 {White has the initiative.} Na5 $2 (
17... Bf6 {prevents the next move.}) 18. Rbe5 $1 Nc6 $2 (18... g6 $1 19. Bh6
Bf6 20. Bxf8 Rxf8 21. R5e3 c5 {counters at the cost of an exchange.}) 19. R5e2
$6 (19. Rxe6 $1 fxe6 20. Qc2 Rxf3 21. Bxh7+ Kf8 22. gxf3 {continues the attack.
}) 19... Bd7 20. d5 Na5 21. Ne5 Bf6 22. Bf4 $1 Bxe5 23. Bxe5 Qxa3 $5 24. Re3
Qc5 $4 (24... g6 $1 25. h4 f6 26. Bxc7 Rxe3 27. Rxe3 Qc5 28. d6 Nc6 {
defends properly.}) 25. Bxh7+ $1 Kxh7 26. Qh5+ {Suddenly Karpov was crushed.} (
{Judit has calculated} 26. Qh5+ Kg8 27. Bxg7 $1 Kxg7 28. Rg3+ Kf6 29. Qg5#) 1-0

[Event "Hoogeveen"]
[Site "Essent 7"]
[Date "2003.10.13"]
[Round "2"]
[White "Aronian, Levon"]
[Black "Polgar, Judit"]
[Result "1/2-1/2"]
[WhiteElo "2649"]
[BlackElo "2722"]
[Annotator "JvR"]
[PlyCount "138"]
[EventDate "2003.10.12"]
[SourceDate "1998.01.31"]

1. d4 Nf6 2. c4 e6 3. Nc3 Bb4 4. Qc2 O-O 5. a3 Bxc3+ 6. Qxc3 b6 7. Bg5 Bb7 8.
f3 d6 9. Nh3 h6 10. Bh4 Nbd7 11. e3 Rc8 12. Bd3 c5 13. O-O Ba6 $5 14. dxc5 Nxc5
15. Be2 d5 16. Rfd1 $2 ({Right is} 16. b3 Ncd7 17. a4) 16... Bxc4 17. Bxc4 Ncd7
$1 18. b3 b5 $1 19. Bxf6 Nxf6 20. Qd4 bxc4 21. bxc4 Qa5 22. Rdc1 $5 dxc4 23.
Rxc4 e5 24. Qd3 e4 $1 25. fxe4 Rxc4 26. Qxc4 Ng4 $1 27. Nf4 $5 Nxe3 28. Qe2 Qc5
29. Kh1 Re8 30. Qf3 Qd4 31. Re1 Rxe4 32. g3 Qd2 $2 ({Better is} 32... f5 33.
Qf2 Nc2 $1 34. Rf1 Nxa3 35. Qxd4 Rxd4 36. Ra1 Nb5 {
and Black has grabbed a second pawn.}) 33. Ng2 $1 f5 34. Rxe3 Qc1+ 35. Re1
Rxe1+ 36. Nxe1 Qxe1+ {
Black has an extra pawn in the queen ending, but White will escape.} 37. Kg2
Qd2+ 38. Kh3 Qd7 39. Kg2 Kh7 40. h4 a5 41. h5 a4 42. Kh3 Qf7 43. Qe2 Qb7 44.
Kh2 Qc6 45. Qd3 Qe4 46. Qb5 f4 47. gxf4 Qxf4+ 48. Kh3 Qe4 49. Qc5 Qe6+ 50. Kg3
Kg8 51. Qa5 Qe3+ 52. Kg4 Qd4+ 53. Kg3 Qd3+ 54. Kh4 Qc4+ ({Or} 54... Qxa3 55.
Qd5+ Kf8 56. Qf3+ $1 Qxf3 {stalemate.}) 55. Kg3 Qd4 56. Qa8+ Kf7 57. Qb7+ Ke6
58. Qc8+ Ke7 59. Qc7+ Qd7 60. Qe5+ Kf8 61. Qf4+ Kg8 62. Qb8+ Kf7 63. Qf4+ Ke8
64. Qe4+ Kd8 65. Qa8+ Ke7 66. Qe4+ Kf6 67. Qf4+ Ke7 68. Qe4+ Kf8 69. Qf4+ Ke8 {
Polgar cannot avoid perpetual check.} 1/2-1/2

[Event "Hoogeveen"]
[Site "Essent 7"]
[Date "2003.10.13"]
[Round "2"]
[White "Sokolov, Ivan"]
[Black "Karpov, Anatoly"]
[Result "1/2-1/2"]
[WhiteElo "2695"]
[BlackElo "2693"]
[Annotator "JvR"]
[PlyCount "91"]
[EventDate "2003.10.12"]
[SourceDate "1998.01.31"]

1. d4 Nf6 2. c4 e6 3. Nc3 Bb4 4. Qc2 O-O 5. e4 d6 6. a3 Bxc3+ 7. bxc3 e5 8. Bd3
Nc6 9. Ne2 b6 10. O-O Ba6 11. f4 Nd7 12. Be3 Na5 13. c5 Bc4 14. cxd6 cxd6 15.
Ng3 Qc7 16. Nf5 f6 $5 (16... Kh8 {happened in Short - Karpov, Dortmund 1997.})
17. Rf3 Rf7 18. Raf1 Kh8 19. h4 Rc8 20. h5 Be6 $6 ({Preferable is} 20... b5 $1)
21. Ba6 $1 Rcf8 22. fxe5 fxe5 23. h6 g6 24. Ng7 Bc4 25. Rxf7 Rxf7 26. Rxf7 Bxf7
27. d5 Qd8 $2 ({Better is} 27... Nc5 $1) 28. Qf2 $2 (28. Ne6 $1 Qe8 29. Bg5 $1
Bxe6 30. dxe6 Qxe6 31. Bc8 {wins for White.}) 28... Qe7 $2 29. Bb5 $2 Nc5 30.
Qf3 Kg8 31. Qg4 Qc7 $2 ({Right is} 31... Nab7) 32. Qh4 $5 Nab7 33. Bc6 Qc8 $5
34. Kh2 $5 Qd8 35. Bg5 Qc8 $5 36. Be7 g5 37. Bxg5 Bg6 38. Be7 $5 Nxe4 39. Bxb7
$2 {Sokolov was pressured by time.} ({He should have played} 39. Nh5 $1 {
(Sokolov)} Qf5 40. Bd7 $1 Qxh5 41. Be6+ Kh8 42. Qxh5 Bxh5 43. Bf8 {and mate.})
39... Qxb7 40. c4 Qc7 41. Ne6 Qd7 42. Bf8 Kf7 43. Bg7 Ke8 44. Qg4 Qf7 45. Qh4
Qe7 46. Qg4 {Karpov escaped several times.} 1/2-1/2

[Event "Hoogeveen"]
[Site "Essent 7"]
[Date "2003.10.14"]
[Round "3"]
[White "Karpov, Anatoly"]
[Black "Aronian, Levon"]
[Result "1/2-1/2"]
[WhiteElo "2693"]
[BlackElo "2649"]
[Annotator "JvR"]
[PlyCount "82"]
[EventDate "2003.10.12"]
[SourceDate "1998.01.31"]

1. d4 Nf6 2. c4 e6 3. Nf3 d5 4. Nc3 dxc4 5. e4 Bb4 6. Bg5 c5 7. Bxc4 cxd4 8.
Nxd4 Bxc3+ 9. bxc3 Qa5 10. Nb5 Nxe4 11. Bf4 O-O 12. O-O Bd7 13. a4 Bc6 14. Bc7
$5 {Karpov diverts from a previous game.} (14. Qg4 {
happened in Karpov - Lautier, Biel 1997.}) 14... b6 15. Bd6 $1 Nxd6 16. Qxd6 {
White has gained a plus.} a6 17. Nc7 Qg5 $1 18. Qg3 Qxg3 19. fxg3 $1 Ra7 20.
Nxe6 $1 {A knight sacrifice achieves the advantage.} Rc8 ({The pointe is} 20...
fxe6 $2 21. Bxe6+ Raf7 22. Rad1) 21. Ng5 Be8 22. Rae1 h6 23. Rxe8+ $1 Rxe8 24.
Rxf7 Rxf7 25. Bxf7+ Kf8 26. Bxe8 Kxe8 27. Ne6 {
White has a better knight ending.} Kf7 28. Nc7 a5 $1 29. Kf2 Nd7 30. Ke3 Nc5
31. Kd4 Nxa4 32. Nd5 b5 $5 {Black forces the draw.} 33. Nc7 b4 34. cxb4 axb4
35. Kc4 Nc3 36. Kxb4 Ne4 $5 37. Nb5 $5 Nd2 38. Nd4 Nf1 39. Nf3 Kf6 40. Kc4 Kf5
41. Kd3 Kg4 {The young grandmaster defended well.} (41... Kg4 42. Ke2 Nxh2 $1
43. Nxh2+ Kxg3 {draws (Ribli).}) 1/2-1/2

[Event "Hoogeveen"]
[Site "Essent 7"]
[Date "2003.10.14"]
[Round "3"]
[White "Polgar, Judit"]
[Black "Sokolov, Ivan"]
[Result "1-0"]
[WhiteElo "2722"]
[BlackElo "2695"]
[Annotator "JvR"]
[PlyCount "87"]
[EventDate "2003.10.12"]
[SourceDate "1998.01.31"]

1. e4 e5 2. Nf3 Nc6 3. Bb5 a6 4. Ba4 Nf6 5. O-O Be7 6. Re1 b5 7. Bb3 d6 8. c3
O-O 9. h3 Bb7 10. d4 Re8 11. Nbd2 Bf8 12. a4 h6 13. Bc2 b4 14. a5 Rb8 $5 15.
Ba4 Re7 16. Bb3 Re8 17. d5 Ne7 18. Nc4 {White has the initiative.} bxc3 19.
bxc3 Nxe4 $5 {Black sacrifices material for control over the centre.} ({
More solid is} 19... c6) 20. Rxe4 Nxd5 21. Qc2 Nxc3 $1 22. Rg4 $1 Bxf3 23. gxf3
Ne2+ 24. Qxe2 Rxb3 25. Bxh6 $1 Qf6 26. Nd2 $5 Rb5 27. Bg5 Qe6 28. Kh2 $5 ({
Preferable is} 28. f4 $1 f6 29. Bh4 exf4 30. Qxe6+ Rxe6 31. Rxf4) 28... d5 $1
29. Rag1 Rxa5 30. Nf1 d4 $1 31. Ng3 $5 f5 $5 32. Bd2 fxg4 $6 ({Better is} 32...
Ra2 $1 33. Rg5 Bb4 $1 34. Ne4 Re7 35. Rg6 Qb3 36. f4 $1 fxe4 37. Qg4 Qf7 38.
Bxb4 Rxf2+ 39. Kh1 Rxf4 {(Polgar).}) 33. Bxa5 Qd5 $2 (33... gxf3 34. Qe4 $1 Qa2
35. Qxf3 Qf7 36. Qxf7+ Kxf7 37. Bxc7 Bb4 {offers a strong resistance.}) 34. Ne4
$1 Re6 35. Rxg4 c5 36. Nd2 e4 $5 37. fxe4 d3 38. exd5 Rxe2 39. Kg2 Re5 40. Ne4
Kf7 41. Rf4+ Ke8 42. d6 Rd5 43. Bc3 Bxd6 44. Rf5 $1 {
Polgar scored 21/2/3 during the first cycle.} 1-0

[Event "Hoogeveen"]
[Site "Essent 7"]
[Date "2003.10.16"]
[Round "4"]
[White "Karpov, Anatoly"]
[Black "Polgar, Judit"]
[Result "1/2-1/2"]
[WhiteElo "2693"]
[BlackElo "2722"]
[Annotator "JvR"]
[PlyCount "133"]
[EventDate "2003.10.12"]
[SourceDate "1998.01.31"]

1. d4 Nf6 2. c4 e6 3. Nc3 Bb4 4. Qc2 O-O 5. e4 d5 6. e5 Ne4 7. a3 Bxc3+ 8. bxc3
c5 9. Bd3 cxd4 10. cxd4 Qa5+ 11. Kf1 Bd7 12. Ne2 Ba4 $5 ({Known is} 12... f6 $1
) 13. Qb2 Nc6 $1 14. cxd5 $1 exd5 15. Be3 f6 16. Bxe4 dxe4 17. exf6 Rxf6 18.
Kg1 Bb5 19. Ng3 $6 (19. d5 Bxe2 20. dxc6 Ba6 21. cxb7 Rb8 {keeps the equality.}
) 19... Bd3 $1 20. Rc1 Raf8 $5 21. h4 b6 $6 ({Preferable is} 21... R6f7) 22.
Qb3+ Kh8 23. h5 h6 24. Rh4 $1 Rd6 ({The pointe is} 24... Nxd4 $2 25. Bxd4 Qg5
26. Rc7 $3 Qxh4 27. Rxg7 $1 Kxg7 28. Nf5+ {and White wins (Postny).}) 25. Rf4
$1 Rxf4 26. Bxf4 Rf6 27. Be3 Ne7 28. Rc7 Qd5 $1 29. Qxd5 Nxd5 30. Rxa7 {
White has gained a pawn.} Rf8 31. Kh2 $6 (31. Rd7 $1 {plays for a win.}) 31...
Kg8 32. Kh3 Nf4+ 33. Kh2 $5 Nd5 34. Rd7 Nf6 35. Rd6 Ra8 36. Rxb6 Rxa3 37. Kh3
Ra5 38. Kh4 Rd5 39. Rb7 Bc2 40. Bf4 $5 Rxd4 41. Rxg7+ $5 {
Karpov applies fine tactics, but it is not enough to win.} Kxg7 42. Nf5+ Kh7
43. Nxd4 Bd1 44. Nf5 Bxh5 45. Nxh6 Nd5 46. Bc1 e3 $1 47. fxe3 Kxh6 48. e4+ Kg6
49. exd5 {A theoretical draw has been reached.} Bd1 50. g4 Bb3 51. d6 Be6 52.
Bg5 Bc8 53. Be7 Bd7 54. Kg3 Bc8 55. Kf4 Bd7 56. g5 Kf7 57. Ke5 Be8 58. Kd5 Ba4
59. Bd8 Ke8 60. Ba5 Kf7 61. Bc3 Be8 62. Bb2 Ba4 63. Bc1 Be8 64. Bb2 Ba4 65. Kc5
Ke6 66. g6 Kd7 67. g7 {This time Polgar escaped in the encounter with Karpov.}
1/2-1/2

[Event "Hoogeveen"]
[Site "Essent 7"]
[Date "2003.10.17"]
[Round "5"]
[White "Aronian, Levon"]
[Black "Karpov, Anatoly"]
[Result "1-0"]
[WhiteElo "2649"]
[BlackElo "2693"]
[Annotator "JvR"]
[PlyCount "63"]
[EventDate "2003.10.12"]
[SourceDate "1998.01.31"]

1. d4 Nf6 2. c4 e6 3. Nc3 Bb4 4. Qc2 c5 5. dxc5 Bxc5 6. Nf3 O-O 7. Bg5 Be7 8.
Rd1 h6 9. Bh4 b6 10. e4 Bb7 11. Be2 a6 12. O-O Ne8 $6 {
Karpov plays a poor novelty.} ({Preferable is} 12... Nc6) 13. Bg3 $5 ({
Even better is} 13. Bxe7 $1 Qxe7 14. Qd2 Qc5 15. Na4 Qc6 16. Qb4) 13... d6 14.
e5 $1 Qc7 15. exd6 Nxd6 16. Rd4 Qc6 $6 ({Right is} 16... Nc6 17. Rd2 Rad8) 17.
Bd3 Ne8 18. Bh7+ $1 Kh8 19. Be4 Qc8 20. Na4 $1 Bc5 $6 (20... Bxe4 21. Qxe4 Qc6
22. Nxb6 Qxb6 23. Qxa8 Nf6 24. c5 $1 Bxc5 25. Ra4 Qxb2 26. Bxb8 Rxb8 27. Qxa6
Rd8 {defends actively.}) 21. Nxc5 bxc5 22. Bxb7 Qxb7 23. Rd2 Nf6 24. Rfd1 Qc8
$2 (24... Nbd7 25. Ne5 Nxe5 26. Bxe5 {(Postny)} Qe4 {defends passively.}) 25.
Bd6 Re8 26. Ne5 Kg8 27. Be7 $1 Qc7 28. Bxf6 gxf6 29. Qe4 $1 Ra7 30. Ng4 Kg7 31.
Qe3 Rh8 32. Rd8 $1 {Karpov was defeated in his own subtle style.} ({
The pointe is} 32. Rd8 Rxd8 33. Qxh6+ Kg8 34. Nxf6#) 1-0

[Event "Hoogeveen"]
[Site "Essent 7"]
[Date "2003.10.17"]
[Round "5"]
[White "Sokolov, Ivan"]
[Black "Polgar, Judit"]
[Result "1-0"]
[WhiteElo "2695"]
[BlackElo "2722"]
[Annotator "JvR"]
[PlyCount "83"]
[EventDate "2003.10.12"]
[SourceDate "1998.01.31"]

1. d4 Nf6 2. c4 e6 3. Nf3 b6 4. Nc3 Bb7 5. a3 d5 6. cxd5 Nxd5 7. Qc2 Nxc3 8.
bxc3 Be7 9. e4 O-O 10. Bd3 c5 11. O-O Qc8 12. Qe2 Ba6 13. Rd1 Rd8 14. h4 $5
cxd4 15. cxd4 Bxd3 16. Rxd3 Nd7 17. Bg5 f6 $6 (17... Bxg5 $1 18. hxg5 Qa6 {
will draw in I.Sokolov - Bologan, Poikovsky 2004.}) 18. Bf4 Qb7 19. h5 Rac8 20.
Rad1 {White utilises the chance to build an attacking position.} Qa6 21. e5 f5
$5 22. d5 $5 exd5 $2 (22... Nc5 $1 23. d6 Nxd3 24. Qxd3 Qxd3 25. Rxd3 Rd7 {
equalises.}) 23. Nd4 Rf8 24. Qf3 $2 (24. Bh6 $1 Nc5 25. Rg3 $1 Qxe2 26. Rxg7+
Kh8 27. Nxe2 {gains an advantage.}) 24... Nc5 $1 25. h6 g5 $5 26. Bxg5 Bxg5 27.
Qh5 Bf4 $2 (27... Bxh6 $1 28. Rh3 Rc7 29. Qxh6 Rg7 {defends properly.}) 28. Rf3
$1 Bxe5 29. Nxf5 Qb7 $5 30. Rxd5 Rce8 31. Qg5+ Kh8 32. Rxe5 (32. Ne7 $1 Ba1 33.
Re5 $1 {wins quickly (Sokolov).}) 32... Rxe5 33. Ne7 $3 Re1+ ({The pointe is} 
33... Rxg5 34. Rxf8+ Rg8 35. Rxg8#) 34. Kh2 Qb8+ 35. Rg3 $1 Rxe7 36. Qxe7 Ne6
37. Qxe6 Qf4 38. a4 a6 39. Qxb6 Rb8 40. Qe3 Qh4+ 41. Rh3 Qf6 42. Qc3 {
Judit was beaten in an exciting game, but she kept the lead.} 1-0

[Event "Hoogeveen"]
[Site "Essent 7"]
[Date "2003.10.18"]
[Round "6"]
[White "Polgar, Judit"]
[Black "Aronian, Levon"]
[Result "1-0"]
[WhiteElo "2722"]
[BlackElo "2649"]
[Annotator "JvR"]
[PlyCount "69"]
[EventDate "2003.10.12"]
[SourceDate "1998.01.31"]

{Judit needs a draw, but she wants more.} 1. e4 e5 2. Nf3 Nc6 3. Bb5 a6 4. Ba4
Nf6 5. O-O Be7 6. Re1 b5 7. Bb3 O-O 8. d3 d6 9. c3 Na5 10. Bc2 c5 11. Nbd2 Nc6
12. Nf1 Re8 13. a4 Be6 14. Ne3 h6 $5 15. d4 $1 {White takes the initiative.}
exd4 16. cxd4 Nxd4 17. Nxd4 cxd4 18. Qxd4 Nd7 19. axb5 $1 axb5 20. Bd2 Bf6 21.
Qxd6 Rxa1 22. Rxa1 Bxb2 23. Rb1 Be5 24. Qd3 Qc7 $6 ({Preferable is} 24... Bf4
$5 25. Rxb5 Ne5 26. Qxd8 Rxd8 {(Polgar).}) 25. Nd5 Bxd5 $5 26. exd5 Nf6 27. g3
Rc8 $6 ({Better is} 27... Rb8 $5) 28. Bd1 Qc4 $4 (28... Ra8 29. Rxb5 Ra1 30.
Be3 Qd7 {defends properly.}) 29. Rc1 $1 Qxc1 ({The pointe is} 29... Qxd3 30.
Rxc8+ Kh7 31. Bc2 $1) 30. Bxc1 Rxc1 31. d6 Nd7 32. Kg2 Bf6 33. Bc2 g6 34. Bb3
Kg7 35. Qd5 {The final standings became: Polgar 4/6, Sokolov and Aronian 3,
Karpov 2. Judit had won the event for the third time.} 1-0

[Event "Hoogeveen"]
[Site "Essent 8"]
[Date "2004.10.17"]
[Round "1"]
[White "Sokolov, Ivan"]
[Black "Short, Nigel"]
[Result "1-0"]
[WhiteElo "2663"]
[BlackElo "2687"]
[Annotator "JvR"]
[PlyCount "75"]
[EventDate "2004.10.17"]
[SourceDate "1998.01.31"]

{The eighth Essent tournament was played in Hoogeveen from 17 until 23 x 2004.
Participants were Short former challenger of the world champion, Sokolov the
best Dutchman plus Stellwagen and Carlsen as juniors.} 1. d4 Nf6 2. c4 e6 3.
Nc3 Bb4 4. Qc2 d5 5. cxd5 exd5 6. Bg5 c5 7. dxc5 h6 8. Bh4 Nc6 9. e3 g5 10. Bg3
Ne4 11. a3 Bxc3+ 12. bxc3 Qa5 $5 13. Bd3 Nxg3 14. hxg3 d4 $5 {
Short plays aggressively.} 15. exd4 Nxd4 16. Qb2 Bd7 $1 17. Kf1 $1 Ne6 18. Qxb7
$1 Qxc3 $1 19. Rd1 ({The pointe is} 19. Qxa8+ $6 Ke7 20. Qxh8 Qxh8) 19... Rd8
20. Ne2 Qxa3 $6 (20... Qxc5 $1 {equalises.}) 21. c6 Bc8 22. Qb1 Ke7 23. g4 $6 (
23. Kg1 $1 Rd6 24. Be4 {gains an advantage (Sokolov).}) 23... Rd6 24. Rh3 Rhd8
25. Re3 Kf8 26. Kg1 $1 Rxc6 27. Bb5 Rxd1+ 28. Qxd1 Rd6 $1 29. Qb1 $1 Qa5 $1 30.
Ng3 $1 Rb6 31. Qb2 Kg8 $1 32. Qc2 Bb7 33. Bc4 Qc5 $2 ({Better is} 33... Qb4 $1
34. Nf5 Qb1+) 34. Nf5 Bd5 $2 (34... Rb4 $5 35. Nxh6+ Kg7 36. Nf5+ Kf6 {
tries to survive.}) 35. Nxh6+ $1 Kf8 ({Or} 35... Kg7 36. Qf5 $1) 36. Qh7 Rb1+
37. Qxb1 Qxc4 38. Qb8+ {Sokolov won convincingly.} 1-0